|
|
|
|
| LEADER |
00923nam a2200217 i 4500 |
| 003 |
GR-PaULI |
| 005 |
20210117210945.0 |
| 008 |
190906t1976 de ||||| |||| 00| 0 eng d |
| 952 |
|
|
|0 0
|1 0
|2 ddc
|4 0
|6 831_914000000000000_HAM
|7 0
|9 234854
|a LISP
|b LISP
|c DON
|d 2019-09-06
|e ΒΑΛ
|i 127242
|l 0
|o 831.914 HAM
|p 025000244091
|r 2019-09-06 00:00:00
|t 1
|v 2019.00
|w 2019-09-06
|y BK15
|
| 999 |
|
|
|c 142358
|d 142358
|
| 020 |
|
|
|a 3920392485
|
| 040 |
|
|
|a GR-PaULI
|b gre
|c GR-PaULI
|e AACR2
|
| 082 |
0 |
4 |
|2 23
|a 831.914
|
| 100 |
1 |
|
|9 177698
|a Hamburger, Michael,
|d 1924-2007
|e συγγραφέας
|
| 245 |
1 |
0 |
|a Gedichte /
|c Michael Hamburger ; english und deutsch mit einem Nachwort von Hans Mayer.
|
| 260 |
|
|
|a Berlin :
|b Literarisches Colloquium,
|c c1976.
|
| 300 |
|
|
|a 91 σ. ;
|c 21 εκ.
|
| 490 |
1 |
|
|a LCB-Editionen / Literarisches Colloquium
|v 41
|
| 830 |
|
0 |
|9 177703
|a LCB-Editionen ( Literarisches Colloquium)
|
| 942 |
|
|
|2 ddc
|c BK15
|
| 998 |
|
|
|c ΣΑΤΛΑΝΗΣ
|d 2019-09
|